| 000 | 00645nam a2200181Ia 4500 | ||
|---|---|---|---|
| 005 | 20260429112247.0 | ||
| 008 | 260429s9999||||xx |||||||||||||| ||und|| | ||
| 020 | _a9789389127270 | ||
| 041 | _aHindi | ||
| 082 |
_a929.354 _bCHA |
||
| 100 | _aचौधरी, ऊषा | ||
| 245 | 0 |
_aस्वतंत्रता सेनानी : _bजगदीश प्रसाद एक प्रेरक विभूति / _cऊषा चौधरी |
|
| 250 | _a1st ed. | ||
| 260 |
_aनई दिल्ली : _bप्रकाशन संस्थान, _c2020. |
||
| 300 | _axl, 247 p.; Hb | ||
| 650 | _aजीवनी | ||
| 942 | _cTB | ||
| 999 |
_c53175 _d53175 |
||